Catálogo
 En Linea

Coco el mapache / (Registro nro. 59797)

Detalles MARC
000 -CABECERA
campo de control de longitud fija 01636nam a2200325 i 4500
003 - IDENTIFICADOR DEL NÚMERO DE CONTROL
campo de control DO-SdBNP
005 - FECHA Y HORA DE LA ÚLTIMA TRANSACCIÓN
campo de control 20250819114021.0
007 - CAMPO FIJO DE DESCRIPCIÓN FÍSICA--INFORMACIÓN GENERAL
campo de control de longitud fija ta
008 - DATOS DE LONGITUD FIJA--INFORMACIÓN GENERAL
campo de control de longitud fija 250819t2025 dr a b 000 0 spa d
020 ## - NÚMERO INTERNACIONAL ESTÁNDAR DEL LIBRO
ISBN cancelado o inválido 9789945292404
040 ## - FUENTE DE LA CATALOGACIÓN
Centro catalogador/agencia de origen DO-SdBNP
Lengua de catalogación spa
Centro/agencia transcriptor BNPHU
Normas de descripción rda
041 ## - CÓDIGO DE LENGUA
Código de lengua del texto/banda sonora o título independiente spa
082 ## - NÚMERO DE LA CLASIFICACIÓN DECIMAL DEWEY
Número de clasificación xxxx
Número de documento/Ítem C514
Número de edición 22
100 1# - ENTRADA PRINCIPAL--NOMBRE DE PERSONA
Nombre de persona Checo, Paola
Término indicativo de función/relación autora
Código de función/relación aut.
9 (RLIN) 34446
245 10 - MENCIÓN DE TÍTULO
Título Coco el mapache /
Mención de responsabilidad, etc. Paola Checo, Christian Molina ; ilustraciones, Fernando Parreño, Mariela González
250 ## - MENCIÓN DE EDICIÓN
Mención de edición Primera edición
264 #4 - PRODUCCIÓN, PUBLICACIÓN, DISTRIBUCIÓN, FABRICACIÓN Y COPYRIGHT
Producción, publicación, distribución, fabricación y copyright Santo Domingo :
Nombre del de productor, editor, distribuidor, fabricante [editora no identificada],
Fecha de producción, publicación, distribución, fabricación o copyright ©2025.
300 ## - DESCRIPCIÓN FÍSICA
Extensión [38] páginas
Otras características físicas ilustraciones
Dimensiones 21 cm.
336 ## - TIPO DE CONTENIDO
Término de tipo de contenido texto
Código de tipo de contenido txt
Fuente rdacontent
337 ## - TIPO DE MEDIO
Nombre/término del tipo de medio sin mediación
Código del tipo de medio n
Fuente rdamedia
338 ## - TIPO DE SOPORTE
Nombre/término del tipo de soporte volumen
Código del tipo de soporte nc
Fuente rdacarrier
500 ## - NOTA GENERAL
Nota general Libro en pasta dura y páginas satinadas.
520 ## - SUMARIO, ETC.
Sumario, etc. Este cuento combina hechos de la vida real con elementos ficticios para transmitir un mensaje absolutamente cierto: que cuando valoras la amistad, practicas la solidaridad y enfrentas los retos con valentía puedes lograrlo todo. Algonquin es un lugar real. Christian estuvo allá, conoció a Coco y este realmente se robó sus chocolates. El resto de la historia surgió del deseo de dos padres de compartir un cuento para leer antes dormir con sus hijos que fuera entretenido, pero que al mismo tiempo reforzara los valores en los que creemos.
590 ## - NOTA LOCAL (RLIN)
Nota local Inventariado, 2025/ YL
700 1# - PUNTO DE ACCESO ADICIONAL--NOMBRE DE PERSONA
Nombre de persona Molina , Christian
Término indicativo de función/relación autor
Código de función/relación aut.
9 (RLIN) 88515
700 1# - PUNTO DE ACCESO ADICIONAL--NOMBRE DE PERSONA
Nombre de persona Parreño, Fernando
Término indicativo de función/relación ilustraciones
Código de función/relación il.
9 (RLIN) 34447
700 1# - PUNTO DE ACCESO ADICIONAL--NOMBRE DE PERSONA
Nombre de persona González, Mariela
Término indicativo de función/relación ilustraciones
Código de función/relación il.
9 (RLIN) 84278
910 ## - DATOS DE OPCIÓN DEL USUARIO (OCLC)
Datos de opción del usuario YLockward
942 ## - ELEMENTOS DE PUNTO DE ACCESO ADICIONAL (KOHA)
Fuente del sistema de clasificación o colocación Dewey Decimal Classification
Tipo de ítem Koha Folleto
Existencias
Estado de retiro Estado de pérdida Fuente del sistema de clasificación o colocación Restricciones de uso No para préstamo Código de colección Localización permanente Ubicación/localización actual Ubicación en estantería Fecha de adquisición Fuente de adquisición Total de préstamos Signatura topográfica completa Código de barras Fecha visto por última vez Precio válido a partir de Tipo de ítem Koha Número de copia
    Dewey Decimal Classification Excluido de préstamo   Infantojuvenil Patrimonio Dominicano Biblioteca Nacional Pedro Henríquez Ureña Biblioteca Nacional Pedro Henríquez Ureña En catalogación 05.08.2025 Depósito Legal   BNPHU CIJ-F-PD xxxx C514 2025-8554 19.08.2025 19.08.2025 Folleto  
    Dewey Decimal Classification Excluido de préstamo   Infantojuvenil Patrimonio Dominicano Biblioteca Nacional Pedro Henríquez Ureña Biblioteca Nacional Pedro Henríquez Ureña En catalogación 05.08.2025 Depósito Legal   BNPHU CIJ-F-PD xxxx C514 2025-8555 19.08.2025 19.08.2025 Folleto e. 2
    Dewey Decimal Classification Préstamo en sala   Dominicana de Servicio Biblioteca Nacional Pedro Henríquez Ureña Biblioteca Nacional Pedro Henríquez Ureña En catalogación 05.08.2025 Depósito Legal   BNPHU CIJ-F-DS xxxx C514 2025-8558 19.08.2025 19.08.2025 Folleto e. 3

Con tecnología Koha